000 00747nam a2200205Ia 4500
003 GCL
008 140319s9999 xx 000 0 ara d
040 _aGCL /
_cGCL
082 0 4 _a030.9
_bم د
100 1 _aمركز دائرة المعارف الاسلامية
245 1 0 _aدائرة المعارف الاسلامية الكبرى /
_cمركز دائرة المعارف الاسلامية
260 _a[S.N] :
_bمركز دائرة المعارف الاسلامية الكبرى ،
_c1991
300 _aمتعدد
490 _a
650 0 4 _aالتاريخ الاسلامى
650 0 4 _aاعلام العرب
650 0 4 _aدوائر المعارف العربية
650 0 4 _aالحضارة الاسلامية
942 _2ddc
_cBK
999 _c37483
_d37483